000 01987cam a2200433 i 4500
001 sjds17936100
003 sjds
005 20161008125751.0
008 131108t20142014scua j 000 0 eng
010 _a 2013044817
020 _a9781628552119 (English hardcover)
020 _a9781628552201 (English pbk.)
020 _a9781628552294 (Spanish pbk.)
020 _z9781628552386 (English ebook downloadable)
020 _z9781628552478 (Spanish ebook downloadable)
020 _z9781628552560 (English ebook dual language enhanced)
020 _z9781628552652 (Spanish ebook dual language enhanced)
040 _aDLC
_beng
_cDLC
_erda
_dDLC
042 _apcc
050 0 0 _aQA445.5
_b.H375 2014
082 0 0 _a516/.15
_223
100 1 _aHaas, Kristin,
_d1964-
245 1 4 _aLos bebés del la familia geométrica = The shape family babies /
_cpor/by Kristin Haas ; ilustrado por/ illustrated by Shennen Bersani.
246 4 _aThe shape family babies
260 _aMount Pleasant, SC :
_bArbordale Publishing,
_cc2014.
264 1 _aMount Pleasant, SC :
_bSylvan Dell Publishing,
_c[2014]
264 4 _c©2014
300 _a1 volume (unpaged) :
_bcolor illustrations ;
_c26 cm
336 _atext
_2rdacontent
337 _aunmediated
_2rdamedia
338 _avolume
_2rdacarrier
500 _a“Incluye 4 páginas de actividades para la enseñanza” – back cover.
520 _a"Mr. and Mrs. Shape are expecting a baby, but they are surprised when three arrive! The first is just like Mother Rhombus, the other just like Father Rectangle, the third baby is a different shape. What should her name be? Go on a geometry naming adventure as all the shape family relatives weigh in. Will Cousin Triangle, Aunt Hexagon or Grandma Rhombus have the right angle?"--
_cAmazon.com.
521 1 _aAge 4-8.
650 0 _aShapes
_vJuvenile literature.
650 0 _aNames, Personal
_vJuvenile literature.
700 1 _aBersani, Shennen,
_eillustrator.
942 _2ddc
_cBK
999 _c16296
_d16296